Quizzes
Events
Quiz Creation
Community
Videos
Private Events
Remove Ads
Sign In
Join for FREE
Feedback
Dark Mode
Quiz Categories
Sports
Geography
Music
Movies
Television
Just For Fun
Miscellaneous
History
Literature
Language
Science
Gaming
Entertainment
Religion
Holiday
For Kids
Quiz Lab
Recent
Popular Today
Quiz Kudos Today
Editor Picks
Curator Picks
Quizzes by...
Day
Popularity
Type
Ratings
Length
Year
Community
Subscriptions
Recent Discussions
Orange Saloon
Badges
Playlists
Quests
Create
Leaderboards
Showdown
Live 5
Trivia Bingo
Activity
Puzzle Library
Sporcle Events
Private Events
Virtual Trivia
Globe League
Become a Host
Pub Owners
SporcleCon
Opinionation
Our Games
Videos
Blog
Mobile Apps
Partnerships
Remove Ads and Go Orange
Feedback
Music
Pop Music
The Beatles
Song
Album
Lyrics
Bands
Singers
Artist
Clip
Rock
Rap
Classical
Billboard
Country Music
Kpop
Taylor Swift
Music
Pop Music
The Beatles
Song
Album
Lyrics
Bands
Singers
Artist
Clip
Rock
Rap
Classical
Billboard
Country Music
Kpop
Taylor Swift
Random Quiz
Search Sporcle
×
Quiz Lab
Quiz Lab
Music
Musical
Type in answers that appear in a list
Type in answers that appear in a list
Classic
Best Score? Go Orange.
Les Mis - On my own Stats
Can you name the lyrics in: Les Mis - On my own
By
jessiicjane
10m
190 Questions
889 Plays
889 Plays
889 Plays
Comments
Comments
Give Quiz Kudos
Give Quiz Kudos
-
- Ratings
hide this ad
Replay
Link that replays current quiz
Next Quiz
Link to next quiz in quiz playlist
You Got
0%
They Got
Avg Score
90%
Avg Friend Score
Upgrade to see
Score Distribution
Jump to the score distribution portion of the page
Score
0/190
Timer
10:00
0
Plays Today
% Correct
on
99.9%
on
99.9%
on
99.9%
my
99.7%
own
99.7%
my
99.7%
my
99.7%
my
99.7%
my
99.7%
my
99.7%
own
99.7%
he
98.3%
he
98.3%
he
98.3%
me
98.1%
me
98.1%
me
98.1%
me
98.1%
me
98.1%
me
98.1%
beside
97.3%
he's
96.7%
and
96.7%
and
96.7%
the
96.7%
the
96.7%
the
96.7%
the
96.7%
the
96.7%
the
96.7%
and
96.7%
and
96.7%
and
96.7%
and
96.7%
and
96.7%
a
96.7%
the
96.7%
the
96.7%
a
96.7%
the
96.7%
the
96.7%
and
96.7%
the
96.7%
a
96.7%
and
96.7%
all
96.6%
all
96.6%
all
96.6%
all
96.6%
him
96.5%
him
96.5%
him
96.5%
him
96.5%
him
96.5%
him
96.5%
him
96.5%
him
96.5%
him
96.5%
him
96.5%
pretending
96.3%
pretending
96.3%
with
96.2%
alone
94.4%
walk
93.4%
% Correct
without
93.4%
without
93.4%
without
93.4%
morning
92.8%
in
92.1%
in
92.1%
in
92.1%
in
92.1%
around
91.7%
around
91.7%
his
91.3%
his
91.3%
know
91%
know
91%
love
91%
love
91%
love
91%
love
91%
love
91%
only
90.6%
but
90.6%
but
90.6%
only
90.6%
but
90.6%
only
90.6%
is
90.2%
is
90.2%
is
90.2%
is
90.2%
of
90%
of
90%
of
90%
i
89.8%
i
89.8%
i
89.8%
i
89.8%
i
89.8%
i
89.8%
i
89.8%
i
89.8%
i
89.8%
i
89.8%
i
89.8%
i
89.8%
i
89.8%
i
89.8%
are
89.4%
are
89.4%
that
89.4%
that
89.4%
are
89.4%
are
89.4%
that
89.4%
till
89.1%
feel
89%
when
89%
for
89%
when
89%
arms
88.9%
river
88.8%
river
88.8%
full
88.2%
full
88.2%
go
88.2%
% Correct
full
88.2%
i'm
88.1%
i'm
88.1%
world
87.9%
world
87.9%
world
87.9%
to
87.2%
to
87.2%
mind
86.6%
close
86.3%
eyes
86.1%
not
86.1%
see
85.9%
just
85.9%
way
85.8%
way
85.8%
it's
85.6%
has
85.4%
like
85.4%
forever
85.4%
forever
85.4%
night
85.3%
will
85.3%
found
85.2%
streets
85%
life
84.4%
rain
84.1%
silver
84.1%
never
84.1%
myself
84%
turning
83.9%
i've
83.7%
talking
83.6%
shines
83.5%
happiness
83.5%
been
83.1%
gone
82.9%
strangers
82.9%
pavement
82.8%
still
82.8%
river's
82.8%
that's
82.6%
over
82.5%
have
82.5%
trees
82.3%
trees
82.3%
lose
82.1%
changes
82%
known
81.9%
us
81.7%
starlight
81.6%
darkness
81.3%
there's
81.1%
blind
80.8%
lights
80.2%
misty
80.2%
everywhere
79.6%
bare
78.9%
say
78%
learning
77.5%
although
77.3%
everyday
76.7%
Quiz Playlist
Details
Report
Send in Message
Add To Playlist
Classic:
Type in answers that appear in a list
Last Updated: Feb 16, 2017
Quiz Scoreboard
CHALLENGE
Sign Up to Join the Scoreboard
Show All
Scores
Hide
Comments
May contain spoilers
Recently Published
Popular People in 1961
by mucciniale
History
6m
1-10 Letter E Words III
by El_Dandy
Language
2m
One Thing in Common: World Cities II
by knightlancer
Geography
7m
More to Explore
Quiz From the Vault
Featured Blog Post
Where Did the Easter Bunny Come From?
hide this ad
You Might Also Like...
Tags
Broadway Quiz
Lyrics Quiz
Musical Quiz
Broadway Lyrics
Broadway Musicals
Broadway Shows
Les Misérables
Musical Numbers
Musical Songs
Musical Theater
Opera
Opera Songs
Today's Top Quizzes in Music
Browse Music
hide this ad
Today's Top Quizzes in Musical
Browse Musical
Top Contributed Quizzes in Music
1
Taylor Swift All Songs (2024)
2
2010s Album by Cover III
3
One Thing in Common: Music
4
Taylor Swift Logic Puzzle
5
Guess the Artist- 70s Songs
6
2010s Album by Cover IV
7
Guess the Taylor Swift song (Mystery Song)
8
2010s Album by Cover V
9
Lana Del Rey Discography (BTD to DYKTTATUOB)
10
2010s Album by Cover VI
Explore More
Trending Topics
NBA
Marvel
Anime
Crossword
Disney
Harry Potter
Kpop
WWE
Pokémon
Country
Song
Soccer
Puzzle
NFL
The Office
hide this ad
More By:
jessiicjane
Quiz
Plays
Rating
Category
Featured
Created
Les Mis - On my own
889
2.17
Music
Jun 17, 2014
Go to Creator's Profile
Score Distribution
Quiz Creator Spotlight
jessiicjane
Follow
Send a Message
Quizzes Created
-
Created Quiz Play Count
-
More By This Creator
Popular Quizzes Today
1
Find the US States - No Outlines Minefield
2
Find the Countries of Europe - No Outlines Minefield
3
The Countries of the World
4
Popular People in 1961
5
1-10 Letter E Words III
6
Find the US States
7
US States
8
One Thing in Common: World Cities II
More Music Quizzes
Can You Fill Me In? 1990s Songs IV
Quiz Lab
Trending Quizzes
Risky Map Clicking: Least Populous States A-Z
1-10 Letter F Words
1-10 Letter G Words
One Thing in Common: United Kingdom
Risky Map Clicking: Next State Alphabetically
Recently Updated
Leaping Animals
pecheneg
Reality TV Shows (A-Z)
bhenderson79
Rickey Henderson's Hall of Fame Teammates
pecheneg
Champions League XIs: Arsenal
pecheneg
Quick Pick: Celebrities in WWE's Hall of Fame
aduchscher
A-Z Keypad Blitz II
pecheneg
Multiple Oscar Actors
pecheneg
Mystery Phrase Blitz: Oscar 'Best Actors'
pecheneg
F. Scott Fitzgerald Novels
LTH
Pick 3 Villains
ddd62291
Trending Topics
Marvel
Harry Potter
Anime
NBA
Crossword
Disney
Kpop
Pokémon
NFL
Soccer
Song
Country
WWE
Puzzle
The Office
Your Account Isn't Verified!
In order to create a playlist on Sporcle, you need to verify the email address you used during registration. Go to your
Sporcle Settings
to finish the process.
Report this User
Report this user for behavior that violates our
Community Guidelines
.
Details:
Send Report
Go to the Sporcle.com Mobile Site →
Comments